Shakespeare or Captain Picard? Quiz Stats

 Plays Quiz Updated Jul 15, 2014

     
Support Sporcle.
Go Orange.
Score 0/30 Timer 08:00
0 Plays Today
Quote Shakespeare (S) or Picard (P)? % Correct
'Kill all the lawyers.'???
95.6%
'What a piece of work is man! How noble in reason, how infinite in faculties, in form how express and admirable, in action how like an angel, in apprehension how like a god!'???
95.6%
'Cowards die many times before their deaths. The valiant never taste of death but once.'???
73.8%
'How far that little candle throws his beams. So shines a good deed in a weary world.'???
72.5%
'The course of true love never did run smooth.'???
72.2%
'A fool thinks himself to be wise, but a wise man knows himself to be a fool.' ???
71%
'There are many parts of my youth that I'm not proud of. There were loose threads - untidy parts of me that I would like to remove.'???
70.3%
'The last time that I stood here was seven years ago.'???
69.9%
'I prefer to look on the future as something which is not written in stone.'???
68.4%
'Some are born great, some achieve greatness, and some have greatness thrust upon them.' ???
67.3%
'I fall asleep each night with an old book in my hands.'???
67.3%
'Words, words, words!'???
66.5%
'I wish I could spare a few centuries to learn!'???
65.4%
'The fault is not in our stars, but in ourselves.'???
65%
'The line must be drawn here! This far, no further! And I will make them pay for what they've done!' ???
64%
Quote Shakespeare (S) or Picard (P)? % Correct
'There was a time you looked at the stars and dreamed of what might be.'???
62.8%
'Listen to many. Speak to a few.'???
61.8%
'You speak an infinite deal of nothing.'???
59.8%
'Are you prepared to condemn him and all who come after him, to servitude and slavery?'???
58.8%
'Every man has his fault, and honesty is his.'???
58.7%
'It is hidden in the very fabric of life itself.'???
57.4%
'Men should be what they seem.'???
57.2%
'There are no tricks in plain and simple faith.'???
57%
'Here you are, closing those eyes, trying not to see what bitterness has done... Turned you into a coward - a man who denies his own conscience.' ???
53.9%
'And like a thousand other commanders on a thousand other battlefields, I wait for the dawn.' ???
52.5%
'I say there is no darkness but ignorance.'???
49.8%
'In time we hate that which we often fear.'???
47.9%
'We have seen better days.'???
46.7%
'There is nothing left but dry bones, and dead friends.'???
37.3%
'For now we see but through a glass darkly.'???
30.1%

From the Vault

Presidential Election Multiple Choice

by Hejman

History 5m
This is sort of like filling out your ballot but without the write in option.
Remove Ads.
Support Sporcle.
Get the best of Sporcle when you Go Orange. This ad-free experience offers more features, more stats, and more fun while also helping to support Sporcle. Thank you for becoming a member.

Show Comments

Extras

Top Quizzes Today


Score Distribution

Your Account Isn't Verified!

In order to create a playlist on Sporcle, you need to verify the email address you used during registration. Go to your Sporcle Settings to finish the process.

Report this User

Report this user for behavior that violates our Community Guidelines.

Details: